Upper Klamath Lake basin nutrient-loading study : assessment of historic flows in the Williamson and Sprague rivers /

Bibliographic Details
Main Author: Risley, John C.
Corporate Authors: United States. Bureau of Reclamation, Geological Survey (U.S.)
Other Authors: Laenen, Antonius
Format: Government Document Book
Language:English
Published: Portland, Or. : U.S. Dept. of the Interior, U.S. Geological Survey ; 1999.
Series:Water-resources investigations report ; 98-4198.
Subjects:

MARC

Tag First Indicator Second Indicator Subfields
LEADER 00000cam a2200000 a 4500
001 in00000003294
005 20151007051114.0
008 990429s1999 oruab b f000 0 eng d
035 |a (OCoLC)41271862 
035 |9 AJG6556AM 
040 |d GPO  |d DLC  |d MvI  |d UtOrBLW 
043 |a n-us-or 
049 |a UDOC 
074 |a 0624-B 
086 0 |a I 19.42/4:98-4198 
100 1 |a Risley, John C. 
245 1 0 |a Upper Klamath Lake basin nutrient-loading study :  |b assessment of historic flows in the Williamson and Sprague rivers /  |c by John C. Risley and Antonius Laenen ; prepared in cooperation with Bureau of Reclamation. 
246 2 |a Upper Klamath Lake basin nutrient loading study 
246 3 0 |a Assessment of historic flows in the Williamson and Sprague rivers 
264 1 |a Portland, Or. :  |b U.S. Dept. of the Interior, U.S. Geological Survey ;  |c 1999. 
264 2 |a Denver, CO :  |b Branch of Information Services [distributor], 
300 |a iv, 22 pages :  |b illustrations, maps ;  |c 28 cm. 
336 |a text  |b txt  |2 rdacontent 
337 |a unmediated  |b n  |2 rdamedia 
338 |a volume  |b nc  |2 rdacarrier 
490 1 |a Water-resources investigations report ;  |v 98-4198 
500 |a Shipping list number: 99-0216-P. 
504 |a Includes bibliographical references (page 22). 
650 0 |a Nutrient pollution of water  |z Oregon  |z Upper Klamath Lake Watershed. 
650 0 |a Nutrient pollution of water  |z Oregon  |z Williamson River Watershed. 
650 0 |a Nutrient pollution of water  |z Oregon  |z Sprague River Watershed. 
650 0 |a Streamflow  |z Oregon  |z Williamson River. 
650 0 |a Streamflow  |z Oregon  |z Sprague River. 
700 1 |a Laenen, Antonius. 
710 1 |a United States.  |b Bureau of Reclamation. 
710 2 |a Geological Survey (U.S.) 
830 0 |a Water-resources investigations report ;  |v 98-4198. 
999 |a MARS 
999 f f |s cf353b6e-c980-3a59-8056-4b79c9b2a2e5  |i a752b9fe-b063-38af-8d57-fc3b634e9e0a  |t 0 
952 f f |p normal  |a Texas A&M University  |b College Station  |c Sterling C. Evans Library  |d Evans: US Documents (Annex 5th floor)  |t 0  |e I 19.42/4:98-4198  |h Superintendent of Documents classification  |i unmediated -- volume  |m A14824477551 
998 f f |a I 19.42/4:98-4198  |t 0  |l Evans: US Documents (Annex 5th floor)